Seçme hayvan masalları (Record no. 9607)

000 -LEADER
fixed length control field 00947nmm a2200289 a 4500
001 - CONTROL NUMBER
control field ocm000891627
003 - CONTROL NUMBER IDENTIFIER
control field TR-IsHL
005 - DATE AND TIME OF LATEST TRANSACTION
control field 20201028144756.0
008 - FIXED-LENGTH DATA ELEMENTS--GENERAL INFORMATION
fixed length control field 141121s2012 tu tur
007 - PHYSICAL DESCRIPTION FIXED FIELD--GENERAL INFORMATION
fixed length control field cr cn
020 ## - INTERNATIONAL STANDARD BOOK NUMBER
International Standard Book Number 9789756659373
035 ## - SYSTEM CONTROL NUMBER
System control number 891627
-- (N$T)
050 04 - LIBRARY OF CONGRESS CALL NUMBER
Classification number PZ10.763
Item number .L34 2012
090 04 - LOCALLY ASSIGNED LC-TYPE CALL NUMBER (OCLC); LOCAL CALL NUMBER (RLIN)
Classification number (OCLC) (R) ; Classification number, CALL (RLIN) (NR) PZ10.763
Local cutter number (OCLC) ; Book number/undivided call number, CALL (RLIN) .L34 2012
100 1# - MAIN ENTRY--PERSONAL NAME
Personal name Lagerlof, Selma
245 10 - TITLE STATEMENT
Title Seçme hayvan masalları
Medium [electronic resource] /
Statement of responsibility, etc. Selma Lagerlof ; çeviren Nuriye Yiğitler, H.Zekai Yiğitler
260 ## - PUBLICATION, DISTRIBUTION, ETC.
Place of publication, distribution, etc. İstanbul :
Name of publisher, distributor, etc. Kafekültür Yayıncılık,
Date of publication, distribution, etc. 2012
300 ## - PHYSICAL DESCRIPTION
Extent 27 p.
650 #4 - SUBJECT ADDED ENTRY--TOPICAL TERM
Topical term or geographic name entry element Dil ve Edebiyat
650 #4 - SUBJECT ADDED ENTRY--TOPICAL TERM
Topical term or geographic name entry element Language and Literature
650 #0 - SUBJECT ADDED ENTRY--TOPICAL TERM
Topical term or geographic name entry element Hayvan masalları
650 #0 - SUBJECT ADDED ENTRY--TOPICAL TERM
Topical term or geographic name entry element Animals stories
650 #7 - SUBJECT ADDED ENTRY--TOPICAL TERM
Topical term or geographic name entry element JUVENILE FICTION / General
Source of heading or term bisacsh
700 1# - ADDED ENTRY--PERSONAL NAME
Personal name Yiğitler, Nuriye
700 1# - ADDED ENTRY--PERSONAL NAME
Personal name Yiğitler, H. Zekai
856 40 - ELECTRONIC LOCATION AND ACCESS
Uniform Resource Identifier <a href="http://search.ebscohost.com/login.aspx?direct=true&scope=site&db=e011xww&AN=891627">http://search.ebscohost.com/login.aspx?direct=true&scope=site&db=e011xww&AN=891627</a>
Holdings
Withdrawn status Lost status Source of classification or shelving scheme Damaged status Not for loan Collection code Permanent Location Current Location Date acquired Total Checkouts Full call number Barcode Date last seen Price effective from Koha item type
        Online   Kıbrıs Amerikan Üniversitesi Kütüphanesi / American University of Cyprus Kıbrıs Amerikan Üniversitesi Kütüphanesi / American University of Cyprus 28.10.2020   PZ10.763 .L34 2012 891627 28.10.2020 28.10.2020 E-Kitap
Devinim Yazılım Eğitim Danışmanlık tarafından Koha'nın orjinal sürümü uyarlanarak geliştirilip kurulmuştur.